logo

Bir Sreshtho Munshi Abdur Rouf Library
Jhenaidah Cadet College

Resurrection : (Record no. 5043)

MARC details
000 -LEADER
fixed length control field 00742cam a2200265u 4500
001 - CONTROL NUMBER
JCCL Control Number 5043
003 - CONTROL NUMBER IDENTIFIER
JCCL marc code BD-JhCC
005 - DATE AND TIME OF LATEST TRANSACTION
control field 20171207193156.0
008 - FIXED-LENGTH DATA ELEMENTS--GENERAL INFORMATION
fixed length control field 831130s1972 xx 000 0bruso
035 ## - SYSTEM CONTROL NUMBER
system control number (BD-JhCC)
040 ## - CATALOGING SOURCE
Original cataloging agency DLC
Transcribing agency CarP
Modifying agency DLC
041 ## - LANGUAGE CODE
Language code of Book eng
082 ## - DEWEY DECIMAL CLASSIFICATION NUMBER
Classification number 891.733
Author mark and Year TOL 1972
100 ## - MAIN ENTRY--PERSONAL NAME
Personal name Tolstoĭ, Lev
245 00 - TITLE STATEMENT
Title Resurrection :
Remainder of title A novel /
Statement of responsibility, etc Lev Tolstoĭ
260 ## - PUBLICATION, DISTRIBUTION, ETC. (IMPRINT)
Date of publication, distribution, etc 1972
Place of publication, distribution, etc Progress Publication,
Name of publisher, distributor, etc Moscow :
300 ## - PHYSICAL DESCRIPTION
Pagination 554 p. :
Dimensions 23 cm.
500 ## - GENERAL NOTE
General note Romanized.
600 10 - SUBJECT ADDED ENTRY--PERSONAL NAME
Personal name Tolstoy, Leo,
Titles and other words associated with a name graf,
Dates associated with a name 1828-1910.
650 ## - SUBJECT ADDED ENTRY--TOPICAL TERM
Topical term or geographic name as entry element Novelist
Geographic subdivision Russian
700 1# - ADDED ENTRY--PERSONAL NAME
Personal name Tolstoy, Leo,
Titles and other words associated with a name graf,
Dates associated with a name 1828-1910.
700 1# - ADDED ENTRY--PERSONAL NAME
Personal name Fatov, Nikolaĭ Nikolaevich,
Dates associated with a name 1887- [from old catalog]
942 ## - ADDED ENTRY ELEMENTS (KOHA)
Source of classification or shelving scheme Dewey Decimal Classification
Koha item type Books
Holdings
Source of classification or shelving scheme Damaged status Not for loan Home library Current library Shelving location Date of accession Total Checkouts Full call number Barcode Date last seen Copy number Koha item type
Dewey Decimal Classification     JCC Rouf Library JCC Rouf Library General Stacks 12/07/2017   891.733 TOL 1972 6947 12/07/2017 C-1 Books

JCC Library | Contacts | JCC Home

Last Update on 23 September 2017
Copyright @ 2017-2020 JCC Rouf Library
Rouf Library, Jhenidah Cadet College (JCC), Bangladesh